Statistiques concernant Aéroports les plus fréquentés par image satellite

Cliquez ici pour prendre le quiz!

Statistiques générales

  • Ce quiz a été pris 81 fois
  • Le résultat moyen est 7 sur 15

Statistiques - réponses

Réponse% Correct
Aéroport int. de Paris-Charles de Gaulle
69%
Aéroport int. de Chicago O'Hare
68%
Aéroport int. de Tokyo-Haneda
66%
Aéroport int. Hartsfield-Jackson d'Atlanta
61%
Aéroport int. de Hong Kong
55%
Aéroport int. de Dubai
52%
Aéroport int. de Londres-Heathrow
52%
Aéroport int. de Los Angeles
45%
Aéroport int. de Pékin-Capitale
45%
Aéroport int. de Francfort-sur-le-Main
44%
Aéroport int. d'Amsterdam-Schiphol
40%
Aéroport int. de Shanghai-Pudong
34%
Aéroport int. de Dallas-Fort-Worth
26%
Aéroport int. d'Istanbul-Atatürk
23%
Aéroport int. de Canton-Baiyun
11%

Distribution des résultats

Percentile par nombre de réponses

% des personnes avec chaque résultat

Votre développement - résultats

Vous n’avez pas pris ce quiz